[Event "WchT 8th"]
[Site "Ningbo"]
[Date "2011.07.21"]
[Round "5.3"]
[White "Ganguly, Surya Shekhar"]
[Black "Shulman, Yuri"]
[Result "1/2-1/2"]
[WhiteElo "2627"]
[BlackElo "2617"]
[Annotator "Kritz,L"]
[PlyCount "79"]
[EventDate "2011.07.17"]
[EventType "team-tourn"]
[EventRounds "9"]
[EventCountry "CHN"]
[SourceTitle "CBM 144"]
[Source "ChessBase"]
[SourceDate "2011.09.16"]
[SourceVersion "1"]
[SourceVersionDate "2011.09.16"]
[SourceQuality "1"]
[WhiteTeam "India"]
[BlackTeam "US of America"]
[WhiteTeamCountry "IND"]
[BlackTeamCountry "USA"]

1. e4 e6 2. d4 d5 3. Nc3 Bb4 4. e5 c5 5. a3 Bxc3+ {Es gibt noch die alte
Variante 5...Ba5, die zuletzt jedoch selten gespielt wird, und hier folgt
warum:} (5... Ba5 6. b4 cxd4 7. Nb5 Bc7 8. f4 Bd7 9. Nxc7+ Qxc7 10. Nf3 Ba4 11.
Bd3 Qc3+ 12. Bd2 Qxd3 13. cxd3 Bxd1 14. Kxd1 Ne7 15. Nxd4 $14) 6. bxc3 Ne7 7.
Qg4 $1 {Weiß kann nur so um Vorteil kämpfen, andere Züge führen zu nichts.} (7.
Nf3 b6 {Der einfachste Weg zum Ausgleich.} 8. Bb5+ Bd7 9. Bd3 Ba4 10. h4 h6 11.
h5 c4 12. Be2 Kd7 $1 {Das ist die richtige Idee - die Dame geht nach h7 und
der König zum Damenflügel.} 13. Bf4 Qg8 14. Nd2 Qh7 15. Ra2 Na6 $11 {Bologan -
Vitiugov (Dagomys, 2010)}) ({Nach} 7. a4 Qa5 8. Bd2 Nbc6 9. Nf3 Bd7 10. Bb5 Qc7
11. O-O O-O $132 {entsteht eine Stellung mit guten Gegenchancen.}) 7... cxd4 {
Die Hauptalternative heute ist der Zug 7...0-0:} (7... O-O 8. Bd3 f5 (8... Nbc6
9. Qh5 Ng6 10. Nf3 Qc7 11. Be3 c4 12. Bxg6 fxg6 13. Qg4 Qf7 14. Ng5 Qe8 15. h4
$36) 9. exf6 Rxf6 10. Bg5 Rf7 11. Qh5 g6 12. Qd1 Nbc6 13. Nf3 c4 14. Be2 $14)
8. Qxg7 Rg8 9. Qxh7 Qc7 10. Ne2 Nbc6 11. f4 dxc3 12. Qd3 {So weit waren die
Züge für beide Seiten erzwungen, nun hat Schwarz die Wahl.} d4 (12... Bd7 13.
Rb1 $1 {Meiner Meinung nach der einfachste Weg zu einem leichten Vorteil.}
O-O-O 14. Rg1 d4 15. g4 $14) 13. Nxd4 {Eine gute Möglichkeit besteht auch in
13.Ng3:} (13. Ng3 Bd7 14. Be2 O-O-O 15. O-O Qb6 16. Ne4 Nd5 17. Nd6+ Kb8 18.
Nxf7 $16 {Karjakin - Kamsky (Nalchik, 2009)}) 13... Nxd4 14. Qxd4 Bd7 15. Rg1
Nf5 {Schwarz kann noch nicht lang rochieren.} (15... O-O-O $4 16. Qxa7 $18) 16.
Qf2 Qc6 {Weiß wollte g4 spielen, Schwarz stört ihn daran.} (16... Bc6 17. g4
$16) 17. Bd3 $1 (17. g4 $2 Qe4+ 18. Be2 Nd4 $17) 17... Qd5 18. Rb1 Bc6 19. Rb3
O-O-O 20. Rxc3 Kb8 21. Rc5 $5 {Eine interessante neue Idee. Bis jetzt wurden
nur andere Züge ausprobiert:} (21. Qc5 Rxg2 22. Qxd5 Rxg1+ 23. Kf2 Rdg8 $3 {
und Schwarz hatte gute Kompensation nach} 24. Qd8+ Rxd8 25. Kxg1 Rg8+ 26. Kf1
Nh4 27. Be2 Rg2 $15 {Muzychuk - Lahno (Moscow, 2010)}) (21. Rc4 b6 22. g4 Bb5 {
Es ist offensichtlich, dass Schwarz eine starke Initiative besitzt.} 23. Rc3
Nd4 24. Bxb5 Qxb5 $36 {Kuipers - Stellwagen (Netherlands, 2011)}) 21... Qa2 22.
Rxc6 $5 {Ein strategisches Qualitätsopfer. Weiß zerstört das schwarze
Angriffspotenzial und hat mit dem Läuferpaar und zwei Bauern gute Kompensation.
} bxc6 23. Qc5 Rxd3 $1 {Schwarz findet den besten Weg, um die Partie gleich
zum Remis zu führen.} (23... Qd5 $2 24. Qxd5 cxd5 25. Kf2 $16 {Das Endspiel
ist natürlich viel besser für Weiß.}) 24. cxd3 Rxg2 25. Rxg2 Qxg2 26. Be3 {
Auch nach 26.Qf8 erreicht Schwarz leicht das Remis.} (26. Qf8+ Kb7 27. Qxf7+
Ka6 28. Qxe6 Qg1+ 29. Kd2 Qe3+ 30. Kd1 (30. Kc2 Nd4+ 31. Kc3 Ne2+ $19) 30...
Qxd3+ 31. Ke1 Qe4+ $11) 26... Nxe3 27. Qxe3 Qh1+ 28. Ke2 (28. Kd2 Qxh2+ 29. Kc3
Qh1 $11) 28... Qxh2+ {Der Rest ist klar - dem Remis können beide Spieler nicht
mehr ausweichen.} 29. Qf2 Qh1 30. Qd4 Qg2+ 31. Ke1 Kb7 32. a4 a5 33. Kd1 Qf1+
34. Kd2 Qg2+ 35. Kc3 Qf1 36. Qd7+ Kb6 37. Qd8+ Kb7 38. Qd7+ Kb6 39. Qd8+ Kb7
40. Qd7+ 1/2-1/2

[Event "Tata Steel-A 73rd"]
[Site "Wijk aan Zee"]
[Date "2011.01.17"]
[Round "3"]
[White "Smeets, Jan"]
[Black "Ponomariov, Ruslan"]
[Result "0-1"]
[WhiteElo "2662"]
[BlackElo "2744"]
[Annotator "Kritz,L"]
[PlyCount "80"]
[EventDate "2011.01.14"]
[EventType "tourn"]
[EventRounds "13"]
[EventCountry "NED"]
[EventCategory "20"]
[SourceTitle "CBM 141"]
[Source "ChessBase"]
[SourceDate "2011.03.17"]
[SourceVersion "1"]
[SourceVersionDate "2011.03.17"]
[SourceQuality "1"]

1. e4 e6 2. d4 d5 3. Nc3 Bb4 {Die alte Hauptvariante. Heute wird sehr oft die
Alternative 3.....Nf6 gespielt.} (3... Nf6 4. e5 (4. Bg5 {galt lange als
Hauptzug, doch nach 4...dxe4 bekommt Schwarz gleiches Spiel.} dxe4 5. Nxe4 Nbd7
6. Nf3 h6 7. Nxf6+ Nxf6 8. Bh4 c5 $11) 4... Nfd7 5. f4 c5 6. Nf3 Nc6 7. Be3 a6
8. Qd2 $132 {Es entsteht eine Stellung mit verschiedenen guten Möglichkeiten
für beide Seiten.}) 4. e5 c5 5. a3 Bxc3+ 6. bxc3 Qc7 {Eine Nebenvariante, die
jedoch präzises Spiel vom Weißspieler verlangt.} (6... Ne7 7. Qg4 O-O (7... Qc7
{Das Bauernopfer galt lange Zeit als interessant, heute hat Weiß jedoch klaren
Vorteil nachweisen können.} 8. Qxg7 Rg8 9. Qxh7 cxd4 10. Ne2 Nbc6 11. f4 dxc3
12. Qd3 Bd7 13. Rb1 O-O-O 14. Rg1 $14 {/\g4-Rg3}) 8. Bd3 $132) 7. Qg4 f5 {
Nach 7....Ne7 geht die Partie zur 6....Ne7 Variante über.} 8. Qg3 ({
Betrachtung verdient die Variante} 8. Qh5+ $5 g6 9. Qd1 {Weiß hat Schwarz dazu
gezwungen, schwarze felder am Königsflügel zu schwächen, er hofft später diese
Schwächen auszunutzen.} Bd7 10. Nf3 cxd4 11. cxd4 Ba4 12. Bd2 h6 (12... Qxc2
13. Qxc2 Bxc2 14. Rc1 Ba4 15. Rc7 Bc6 16. Ng5 $18) 13. Bd3 Nc6 14. O-O Nge7 15.
h4 $14 {Sutovsky - Moskalenko (Evry, 2004)}) 8... Nc6 {Alternativen sind 8...
cxd4 und 8...Ne7.} (8... cxd4 9. cxd4 Ne7 10. Bd2 O-O 11. Bd3 b6 12. Ne2 Ba6
13. Nf4 Qd7 14. h4 Bxd3 15. Qxd3 Nbc6 16. Rh3 Rac8 17. Rg3 Rf7 18. h5 $36 {
Kasparov - Short (Novgorod, 1997)}) (8... Ne7 9. Qxg7 Rg8 10. Qxh7 cxd4 11. Ne2
Nbc6 12. Qh5+ Ng6 13. Bg5 $1 Qxe5 14. f4 Qg7 15. h4 $16 {Anand - Hansen 
(Middelfart, 2003)}) 9. Nf3 cxd4 10. cxd4 Nge7 {Der wichtige Unterschied zur
Variante 8....Ne7 ist, dass Weiß nicht auf g7 nehmen kann.} 11. Bd2 (11. Qxg7
$2 Rg8 12. Qxh7 Nxd4 $1 $17 {Plötzlich steht Schwarz auf Gewinn.}) 11... O-O
12. Bd3 Bd7 13. O-O {Weiß muss den König verstecken, Schwarz hat die Drohung
f4 aufgebaut!} (13. h4 f4 $1 14. Bxf4 (14. Qg5 h6 15. Qh5 Be8 16. Qg4 Nxd4 $3
17. Nxd4 Qxe5+ 18. Kf1 Qxd4 19. Qxe6+ Bf7 $19) 14... Nxd4 15. Nxd4 Qc3+ 16. Ke2
Qxd4 $15 {Lacasa Diaz - Moskalenko (Sants, 2003)}) 13... Be8 {Schwarz will
seinen schlechten französischen Läufer aktivieren.} 14. c4 $2 {Ein einfacher
Einsteller.} (14. Qh3 $5 {Erstmal bleibt der Läufer passiv. Dann kann man
Rfc1-c4 spielen.}) 14... dxc4 15. Bxc4 $2 {Nun sieht's ganz schlecht aus. Die
beste Chance war 15.Ng5.} (15. Ng5 Nd8 (15... cxd3 16. Nxe6 $18 {Die Dame
hängt und Matt auf g7 droht.}) 16. Rfc1 b5 17. a4 $44 {Und Weiß hat zumindest
eine gewisse Kompensation für den Bauern.}) 15... Nxd4 $1 {Schwarz gewinnt
einfach den Bauern und damit eigentlich schon die Partie.} 16. Nxd4 Qxc4 17.
Bb4 Rf7 (17... Qxd4 18. Bxe7 Rf7 19. Bd6 Bc6 $17 {Weiß hat sehr geringe
Chancen, die Partie zu halten.}) 18. Qc3 {Es ist schon die richtige
Entscheidung, die Damen zu tauschen, doch die Stellung bleibt weiterhin sehr
schwierig.} (18. Bxe7 $2 Rxe7 19. Rfd1 Rd8 $19) 18... Qxc3 19. Bxc3 Nd5 20. Bd2
Bd7 21. Rfc1 Rff8 {Nun kann Schwarz langsam aufspielen. Zuerst bringt er den
König nach e7 (nachdem er h6 spielt, um das Schach von g5 zu verhindern),
danach tauscht einen Turm und rollt die Bauern am Damenflügel auf.} 22. a4 $2 {
Ein ganz schlechter Zug. Der Bauer wird auf a4 fixiert und wird zur
andauernden Schwäche.} a5 $1 23. Rcb1 b6 {Die schwarzen Bauern sind
unantastbar. Dafür ist der weiße Turm nun für immer an die Verteidigung des
Bauern a4 gebunden.} 24. Ne2 $1 {Weiß findet den einzigen Weg, sich vorerst zu
retten, nämlich die Springer zu tauschen.} Rfc8 25. Nf4 Nxf4 26. Bxf4 Rc4 $1 {
Doch das Endspiel ist auch ohne Springer sehr schwer zu halten.} 27. Be3 Bxa4
$1 {Nur so!} (27... Rxa4 $4 28. Rxa4 Bxa4 29. Rxb6 Bd7 30. Rb7 Be8 31. Ra7 Rxa7
32. Bxa7 a4 33. Bc5 $11) 28. Rxb6 Bc6 {Der a-Bauer läuft!} 29. f3 a4 30. Rc1 (
30. Bc1 Ra5 31. Bb2 Rd5 $19 {Die schwarzen Türme kommen auf die 2. Reihe.})
30... Bd5 {Nun macht der Türmetausch nichts mehr aus - der Bauer läuft zu weit.
} 31. Rxc4 Bxc4 32. Rb7 a3 33. Ra7 Rxa7 34. Bxa7 f4 $1 {Weiße Bauern werden
auf den weißen Feldern fixiert.} 35. g3 g5 36. Kg2 Bd5 37. Kf2 Kf7 38. gxf4
gxf4 39. Ke2 a2 40. Bd4 Ke8 {Weiß ist hilflos - der schwarze König marschiert
zum Damenflügel und sein weißer Kollege ist an die Verteidigung des Bauern f3
gebunden.} 0-1

[Event "Bucharest Kings 6th"]
[Site "Bucharest"]
[Date "2012.11.11"]
[Round "4"]
[White "Nisipeanu, Liviu Dieter"]
[Black "Ivanchuk, Vassily"]
[Result "1/2-1/2"]
[WhiteElo "2668"]
[BlackElo "2763"]
[Annotator "Kritz,L"]
[PlyCount "85"]
[EventDate "2012.11.07"]
[EventType "tourn"]
[EventRounds "6"]
[EventCountry "ROU"]
[EventCategory "20"]
[SourceTitle "CBM 152"]
[Source "ChessBase"]
[SourceDate "2013.01.15"]
[SourceVersion "1"]
[SourceVersionDate "2013.01.15"]
[SourceQuality "1"]

1. e4 e6 2. d4 d5 3. Nc3 Bb4 4. e5 c5 5. a3 Bxc3+ 6. bxc3 Qa5 $5 {Dieser Zug
gewann zuletzt an Popularität. Die zwei Alternativen sind 6...Qc7 und 6...Ne7.}
7. Bd2 {Es droht 8.c4 mit Öffnung der Stellung, daher muss Schwarz noch einen
Damenzug machen.} Qa4 (7... Ne7 8. c4 Qa4 9. dxc5 $14) 8. Qg4 {Diese Idee hat
einen Vorteil und einen Nachteil. Der Vorteil ist, dass Schwarz das
Rochaderecht einbüßt und seinen König am Königsflügel behalten muss. Der
Nachteil ist, dass Weiß viel Zeit verliert, weil die Dame im nächsten Zug
zurückkehren muss. Schwarz hat dadurch genug Zeit, um sein Spiel zu
organisieren.} (8. Qb1 $5 {Ich glaube, dass diese Variante zurecht die
Hauptvariante ist. Hier hat Schwarz sehr wenig Gegenspiel und Weiß steht etwas
besser.} c4 (8... a6 9. Qb3 Qxb3 10. cxb3 Nc6 11. dxc5 Nxe5 12. Bf4 {Weiß hat
die besseren Chancen wegen dem Läuferpaar und der Schwäche der schwarzen
Feldern.} Ng6 13. Bd6 e5 14. O-O-O Be6 15. Bd3 N8e7 16. Ne2 Nc8 17. Bc7 Kd7 18.
Ba5 Nce7 19. b4 Nc6 20. Bb6 $14 {1-0 Areshchenko,A (2640)-Socko,B (2630)/
Germany 2007/CBM 118 (41)}) 9. h4 Nc6 (9... f6 10. h5 fxe5 11. dxe5 Nc6 12. f4
Nh6 13. Ne2 Bd7 14. Qb2 O-O-O 15. Nd4 Nf5 16. Nxf5 exf5 17. Be3 $14 {1-0
Jakovenko,D (2667)-Zhang Pengxiang (2622)/Ergun 2006/CBM 114 (50)}) 10. h5 h6
11. Nf3 Bd7 12. g3 O-O-O 13. Bh3 Nge7 14. O-O $14 {1-0 Svidler,P (2739)-Lima,D
(2493)/Khanty-Mansiysk 2011/CBM 145 (52)}) 8... Kf8 9. Qd1 (9. Bd3 c4 10. Be2
Qxc2 $15 {Weiß hat nicht genug für den Bauern, weil die Stellung geschlossen
ist. Die schwarze Dame kehrt nach g6 zurück, die Springer gehen nach c6 und e7,
und es ist nicht klar, was Weiß da machen kann.}) 9... Ne7 {Meiner Meinung
nach ist die Idee 9...b6 und ...Ba6 aus strategischer Sicht etwas besser.} (
9... cxd4 10. cxd4 Qxd4 $4 {Der Bauer ist tabu!} 11. Bb4+ $18) (9... b6 10. c4
(10. Nf3 Ne7 11. Bd3 Ba6 12. O-O Nd7 13. Bxa6 Qxa6 14. a4 h6 $132 {1/2-1/2
Berg,E (2606)-Maksimovic,B (2423)/Budva 2009/CBM 130 (30)}) 10... Ne7 11. cxd5
Qxd4 12. dxe6 Qxe5+ 13. Be2 Bb7 $1 {und Weiß hat nichts Besseres gefunden, als
die Züge zu wiederholen.} 14. Bf4 Qc3+ 15. Bd2 Qe5 16. Bf4 Qc3+ 17. Bd2 {
1/2-1/2 Grischuk,A (2720)-Shulman,Y (2565)/Khanty-Mansiysk 2005/CBM 111}) 10.
Qb1 $1 {Weiß nutzt die Zugfolge, die Schwarz gewählt hat und erlaubt kein ...
b6 mehr.} Nbc6 (10... b6 $4 11. Bb5 Qa5 12. c4 $18) (10... cxd4 11. Bb5 Qa5 12.
cxd4 $16) 11. Nf3 c4 {Wieder konnte man kein ...b6 spielen.} (11... b6 12. Bb5
Qa5 13. c4 $18) 12. g3 {In dieser Stellung ist es nicht so wichtig, wie man
konkret spielt. Die Idee von Weiß ist es, sein Spiel am Königsflügel zu
organisieren. Das ist jetzt besonders unangenehm, weil der schwarze König am
Königsflügel steckt.} (12. h4 Ke8 (12... h6 13. g3 Ke8 14. Bh3 Kd8 15. O-O $14
{1/2-1/2 Cornette,M (2562)-Housieaux,D (2436)/Mulhouse 2011/CBM 142 Extra (50)}
) 13. h5 h6 14. g4 Kd8 15. g5 hxg5 16. Nxg5 Ke8 17. Be2 b6 18. Bg4 Bd7 19. Qd1
$14 {1-0 Karjakin,S (2599)-Nikolic,P (2676)/Wijk aan Zee 2005/CBM 105 (47)})
12... h6 13. Nh4 {Weiß will Bh3 spielen und dann versuchen, die typische Idee
f4-f5 zum Leben zu bringen.} Ke8 $1 {Schwarz hat keine Wahl - er muss seinen
König evakuieren, sonst wird er einfach Matt gesetzt.} 14. Bh3 Rg8 $1 {Schwarz
macht es Weiß unmöglich, f4-f5 zu spielen.} 15. Qd1 {Die Dame nimmt das Feld
g4 unter Kontrolle.} (15. f4 $4 g5 $1 16. fxg5 hxg5 17. Nf3 (17. Ng2 g4 $19)
17... g4 $19) 15... Ng6 {Wieder eine genaue Verteidigung - Schwarz macht alles,
um den Vorstoß des weißen f-Bauern zu verhindern.} (15... Kd8 16. f4 Kc7 17.
O-O $16) 16. Ng2 $1 {Natürlich darf man auf g6 nicht nehmen, danach würde die
Idee f4-f5 nicht mehr realisierbar sein.} (16. Nxg6 fxg6 17. Bg2 Bd7 18. Ra2
Kd8 19. Qg4 Ne7 20. O-O Kc7 $132) 16... Nce7 17. O-O Bd7 18. Ne3 $1 {Der
Springer steht auf e3 ideal - er verteidigt den Bauern c2 und bereitet den
Vorstoß f4-f5 vor. Nicht zu vergessen - Schwarz kann nicht rochieren, weil
sein König schon gezogen hat. Das heißt, er muss viel Zeit verlieren, um seine
Figuren zu koordinieren.} Qa5 19. Qh5 Nf8 {Ivanchuk findet die letzte Chance.
Man muss sagen, dass die Stellung von Schwarz jedoch schlecht war und schlecht
bleibt.} (19... Kd8 20. f4 Kc7 21. f5 exf5 22. Nxf5 Bxf5 23. Bxf5 Raf8 24. e6
Nxf5 25. Qxf5 $18) 20. f4 g6 (20... Rh8 21. f5 exf5 22. Bxf5 $1 Nxf5 23. Nxf5
Bxf5 24. Qxf5 $16) 21. Qxh6 Nf5 22. Bxf5 $6 {Warum mit dem Läufer, warum nicht
mit dem Springer?!} (22. Qg5 $2 Nxe3 23. Bxe3 Qxc3 $132) (22. Nxf5 gxf5 23. Bg2
$18 {Die Stellung ist absolut gewonnen.}) 22... gxf5 {Auch hier steht Weiß auf
Gewinn, aber den Läufer würde man später eher brauchen, wenn man anfängt g4
durchzuführen.} 23. Kh1 Rc8 24. Rg1 {Weiß braucht nur noch einen Zug - g4 -,
und man wird gleich nach Hause gehen können. Unglaublicherweise hat's dann
doch nicht gereicht...} Qa4 25. Qh4 $6 {Man konnte doch gleich g4 spielen.} (
25. g4 $1 fxg4 26. Nxg4 Kd8 (26... Rxg4 27. Rxg4 Qxc2 28. Rg8 Qe4+ 29. Kg1 Ke7
30. f5 $18) 27. Qf6+ Kc7 28. Qxf7 Rh8 29. Ne3 $18) 25... Rc6 $5 {Schwarz hat
da was im Sinne gegen 26.g4.} 26. g4 Ng6 $1 (26... fxg4 27. Nxg4 Rxg4 28. Rxg4
Qxc2 29. Rg8 Qxd2 30. Qh6 $18) 27. gxf5 {Auch 27.Qh7 ist sehr stark.} (27. Qh7
$5 Kf8 (27... Rh8 28. Qg7 Rf8 29. gxf5 exf5 30. Nxd5 $18) 28. Qh6+ Ke8 29. Rac1
$18) 27... exf5 28. Qh7 Rh8 (28... Kf8 29. Qh6+ Ke8 30. Be1 $18) 29. Qg7 Rh3
30. Qg8+ $2 {Wieder unverständlich, warum Weiß nicht die einfachen Züge macht,
das Nehmen auf d5 sah doch wirklich gut aus!} (30. Nxd5 Qxc2 31. Qg8+ Nf8 32.
Rg2 $1 {und Weiß gewinnt} Qe4 33. Nf6+ Rxf6 34. exf6 Bc6 35. Re1 $18) 30... Nf8
31. Rg7 Be6 {Nun ist es nicht mehr so leicht, Schwarz hat sich erstmal
verteidigt.} 32. Rg3 Rh5 {Schwarz hatte eine interessante taktische
Möglichkeit:} (32... f6 $5 33. Qg7 Rh7 34. Qxf6 Bd7 35. Qg5 Rg6 36. Qxg6+ Nxg6
37. Rxg6 $16 {Es ist jedoch schwer zu sagen, welche Stellung einfacher zu
spielen ist, diese oder die in der Partie.}) 33. Qg7 Rb6 $1 {Schwarz kommt
langsam aber sicher zu Gegenspiel. Es sieht so aus, als ob Weiß seinen Vorteil
schon verspielt hat.} 34. Rgg1 Rb2 {Vermutlich waren beide Spieler schon in
Zeitnot.} 35. Rgb1 $2 (35. Qf6 $1 {kommt der Turm nach g8, wird Schwarz
aufegeben müssen} Rxc2 (35... Qd7 36. Rg8 Qe7 37. a4 Qxf6 38. exf6 Rb6 39. Bc1
$18) 36. Nxc2 Qxc2 37. Rg8 Qxd2 (37... Qe4+ 38. Kg1 Qe2 39. Rg2 Qd3 40. Qg7 Rh3
41. Rf1 $18) 38. Rxf8+ Kxf8 39. Qd8+ Kg7 40. Rg1+ Kh7 41. Qg8+ Kh6 42. Qh8#)
35... Rxc2 $2 {Gegenfehler. Besser wäre das Nehmen auf b1:} (35... Rxb1+ 36.
Rxb1 b6 $14 {und Weiß hat nicht genug Angriffspotenzial, um wirkliche
Drohungen aufzubauen.}) 36. Rb4 $4 {Der letzte Fehler, der Schwarz erlaubt,
Remis zu forcieren. Wie Weiß seinen Vorteil realisiert hat, ist natürlich
alles andere als gut.} (36. Qg2 $1 {und Weiß sollte sehr leicht gewinnen} Rxd2
(36... b6 37. Rb4 Rxd2 38. Qxd2 $18) 37. Qxd2 $18) 36... Rxd2 $1 {Das hat Weiß
wohl übersehen.} 37. Rxa4 Rdxh2+ 38. Kg1 Rh1+ 39. Kf2 R5h2+ 40. Kg3 $1 {
Richtig, Weiß kann nicht mehr auf Gewinn spielen.} (40. Ng2 $2 Rxa1 41. Kg3 Rh7
42. Qf6 a6 $17) 40... Rh3+ 41. Kg2 R3h2+ 42. Kg3 Rh3+ 43. Kg2 1/2-1/2